| Tag |
First Indicator |
Second Indicator |
Subfields |
| LEADER |
00000cam a22000008a 4500 |
| 001 |
in00000079212 |
| 005 |
20151008060757.0 |
| 008 |
790320c19791976nyu j 00011 engm |
| 010 |
|
|
|a 78022501
|
| 020 |
|
|
|a 0690039719 :
|c $6.95.
|
| 020 |
|
|
|z 0690039727 [lib. bdg.] :
|c $6.79
|
| 035 |
|
|
|a (OCoLC)04835236
|
| 035 |
|
|
|9 AAJ6544AM
|
| 040 |
|
|
|a DLC
|c DLC
|d m.c.
|d TXA
|d UtOrBLW
|
| 049 |
|
|
|a [Curr Col] TXAM
|c [1422094]
|
| 050 |
0 |
0 |
|a PZ7.K5754
|b Me 1979
|
| 082 |
0 |
|
|a [Fic]
|
| 100 |
1 |
|
|a King, Clive.
|
| 245 |
1 |
0 |
|a Me and my million /
|c Clive King.
|
| 263 |
|
|
|a 7909
|
| 264 |
|
1 |
|a New York :
|b Crowell,
|c 1979
|
| 264 |
|
4 |
|c ©1976
|
| 300 |
|
|
|a 180 pages ;
|c 22cm.
|
| 336 |
|
|
|a text
|b txt
|2 rdacontent
|
| 337 |
|
|
|a unmediated
|b n
|2 rdamedia
|
| 338 |
|
|
|a volume
|b nc
|2 rdacarrier
|
| 520 |
|
|
|a When Ringo, a young Londoner, finds himself in sudden possession of a stolen painting worth a million pounds, his life turns into a series of wild adventures.
|
| 650 |
|
1 |
|a Crime
|x Fiction.
|
| 651 |
|
1 |
|a London (England)
|x Fiction.
|
| 999 |
|
|
|a MARS
|
| 999 |
f |
f |
|s 34de8bd1-632f-3ded-9ade-c335927a4e7c
|i 8a6c0d69-1dfb-3a22-9bc5-aff0392edbe4
|t 0
|
| 952 |
f |
f |
|p normal
|a Texas A&M University
|b College Station
|c Sterling C. Evans Library
|d Evans: Curriculum Collection (4th floor)
|t 0
|e PZ7.K5754 Me 1979
|h Library of Congress classification
|i unmediated -- volume
|m A14806055107
|
| 998 |
f |
f |
|a PZ7.K5754 Me 1979
|t 0
|l Evans: Curriculum Collection (4th floor)
|